|
|
|
|
| LEADER |
00000nam a2200000 a 4500 |
| 005 |
2012091805095.0 |
| 007 |
cr|||| |||| |
| 008 |
120606s2012 spc f b 000 0 spa c |
| 017 |
|
|
|a DL B. 12132-2012
|b Biblioteca de Catalunya
|
| 020 |
|
|
|a 9788476988190
|
| 035 |
|
|
|a 6682
|
| 040 |
|
|
|d vLex
|
| 080 |
|
|
|a 347.9
|
| 090 |
|
|
|c 3434
|d 3434
|
| 100 |
1 |
|
|a Benavente Chorres, Hesbert
|
| 245 |
1 |
3 |
|a La Investigacin̤ judicial y el control de convencionalidad en el proceso penal
|h [Recurso electrn̤ico] :
|b concepto y modalidades /
|c Hesbert Benavente Chorres
|
| 256 |
|
|
|a Servicio en ln̕ea
|
| 260 |
|
|
|a Barcelona :
|b Bosch,
|c 2012
|
| 300 |
|
|
|a 1 recurso electrn̤ico
|
| 490 |
1 |
|
|a Bosch procesal
|
| 504 |
|
|
|a Bibliografa̕ p. 439-458
|
| 506 |
1 |
|
|a Contenido solo disponible en los productos indicados
|d vLex Global
|d vLex Global (Academic Edition, excluding Law Schools)
|d vLex Global (U.S. Academic Edition, Law Schools)
|d vLex Global (U.S. Academic Edition, excluding Law Schools)
|d vLex Global (Academic Edition, Law Schools)
|
| 650 |
0 |
4 |
|a Procediment penal
|
| 650 |
0 |
4 |
|a Derecho
|x Investigacin̤
|
| 740 |
0 |
|
|a vLex Libros (Servicio en ln̕ea)
|
| 830 |
|
0 |
|a Bosch procesal
|
| 856 |
4 |
0 |
|u http://vlex.com/source/investigacion-judicial-control-convencionalidad-proceso-penal-concepto-modalidades-6682
|z Acceso restringido
|
| 942 |
|
|
|c BOOK
|
| 999 |
0 |
|
|a Criminal procedure
|